| 000 | 01130pab a2200169 454500 | ||
|---|---|---|---|
| 008 | 180718b2006 xxu||||| |||| 00| 0 eng d | ||
| 100 | _aMuthuswamy, P. | ||
| 245 | _aThe role of youth in conservation of environment | ||
| 260 | _c2006 | ||
| 300 | _ap.91-118. | ||
| 362 | _aJan-Mar & Apr-Jun | ||
| 520 | _aNow a days the destruction of the environment has adversely affected life on earth. On the one side nature is in jeopardy and on the other side man is ruthlessly destroying nature. In this context, the youth of a country has a significant role. In most countries the youth comprise a sizable portion of the population; their youthful energy can be properly utilized in a creative way. Hence two broad and two specific objectives can be discernea. An understanding of the environmental condition and the attitude of youth on conservation of environment are the broad objectives. The specific objectives include national youth policy, the potentiality of youth and the importance of natural resources. - Reproduced. | ||
| 650 | _aEnvironmental conservation | ||
| 650 | _aYouth | ||
| 773 | _aISDA Journal | ||
| 909 | _a70768 | ||
| 999 |
_c70768 _d70768 |
||